Statistiques concernant Les 100 marques les plus puissantes au monde

Cliquez ici pour prendre le quiz!

Statistiques générales

  • Ce quiz a été pris 5 092 fois
    (5 054 depuis la dernière actualisation)
  • Le résultat moyen est 18 sur 100

Statistiques - réponses

PlaceMarque% Correct
1Apple
85%
7Samsung
77%
22Nike
76%
59Adidas
73%
5Microsoft
63%
15Amazon
61%
2Google
61%
3Coca-Cola
56%
29Facebook
55%
19Louis Vuitton
49%
11BMW
44%
9Mc Donald's
44%
45Audi
43%
52Sony
42%
41Gucci
40%
8Toyota
38%
39Ford
35%
24Pepsi
35%
94Huawei
33%
68KFC
33%
36Zara
33%
31Volkswagen
30%
54Nestlé
29%
21H&M
27%
60Porsche
27%
13Disney
26%
26IKEA
26%
100Nintendo
25%
17HP
22%
20Honda
21%
43L'Oreal
21%
98Nokia
21%
40Hyundai
19%
56Nissan
19%
76Starbucks
17%
51Danone
16%
10Mercedes Benz
15%
74Kia
14%
28eBay
13%
4IBM
13%
12Intel
13%
70Prada
13%
65Shell
13%
82Chevrolet
11%
42Philips
11%
95Heineken
9%
83Ralph Lauren
9%
69Visa
9%
58Cartier
8%
88MasterCard
8%
72Sprite
8%
27UPS
8%
37Canon
7%
92FedEx
7%
33HSBC
7%
64Panasonic
7%
96Pizza Hut
7%
53Axa
6%
97Hugo boss
6%
38Nescafé
6%
77Adobe
5%
55Allianz
5%
73Burberry
5%
50Colgate
5%
81DHL
5%
6General electric
5%
91Land rover
5%
30Pampers
5%
49Siemens
5%
23American Express
4%
14Cisco
4%
85Jack Daniel's
4%
32Kellogg's
4%
25SAP
4%
663M
3%
34Budweiser
3%
93Corona
3%
99Gap
3%
18Gillette
3%
87Harley Davidson
3%
35JP Morgan
3%
16Oracle
3%
44Accenture
2%
61Caterpillar
2%
48Citi
2%
47Goldman Sachs
2%
89Kleenex
2%
63Morgan Stanley
2%
75Santander
2%
67Discovery
1%
84Duracell
1%
46Hermès Paris
1%
79John Deere
1%
86Johnnie Walker
1%
78Johnson & Johson
1%
80MTV
1%
90Smirnoff
1%
71Tiffany & Co
1%
62Xerox
1%
57Thomson Reuters
0%

Distribution des résultats

Percentile par nombre de réponses

% des personnes avec chaque résultat

Votre développement - résultats

Vous n’avez pas pris ce quiz depuis la dernière actualisation